|
|
|
|
| LEADER |
00805nab a2200229 i 4500 |
| 001 |
acta84550 |
| 005 |
20240314130046.0 |
| 008 |
240314s2023 hu o 0|| hun d |
| 022 |
|
|
|a 0237-7934
|
| 024 |
7 |
|
|a 10.14232/aetas.2023.1.192-194
|2 doi
|
| 040 |
|
|
|a SZTE Egyetemi Kiadványok Repozitórium
|b hun
|
| 041 |
|
|
|a hun
|
| 100 |
1 |
|
|a Farkas Dániel
|
| 245 |
1 |
0 |
|a Egy politikailag eredményes latin-amerikai földreform története
|h [elektronikus dokumentum] /
|c Farkas Dániel
|
| 260 |
|
|
|c 2023
|
| 300 |
|
|
|a 192-194
|
| 490 |
0 |
|
|a Aetas
|v 38 No. 1
|
| 650 |
|
4 |
|a Bölcsészettudományok
|
| 650 |
|
4 |
|a Történettudomány és régészet
|
| 695 |
|
|
|a Bolívia története - könyvismertetés
|
| 700 |
0 |
1 |
|a Soliz Carmen
|
| 856 |
4 |
0 |
|u http://acta.bibl.u-szeged.hu/84550/1/aetas_2023_001_192-194.pdf
|z Dokumentum-elérés
|